[Event "Moscow ol (Men)"]
[Site "Moscow"]
[Date "1994.??.??"]
[Round "8"]
[White "Karimov, I."]
[Black "Cao Sang"]
[Result "1/2-1/2"]
[WhiteElo "2390"]
[BlackElo "2210"]

1.e4 e5 2.Nf3 Nc6 3.Bb5 a6 4.Ba4 Nf6 5.O-O b5 6.Bb3 Bb7 7.d3 Be7 8.a4 O-O
9.Nc3 Nd4 10.axb5 Nxb3 11.cxb3 d6 12.Re1 axb5 13.Rxa8 Qxa8 14.Nxb5 Qb8 15.Nc3 c5
16.Bg5 h6 17.Bh4 Re8 18.Nd2 Nd7 19.Bxe7 Rxe7 20.Qa1 Nf8 21.Qa4 Ne6 22.Ne2 d5
23.Nc3 dxe4 24.dxe4 Nf4 25.Qb5 Qc8 26.Nc4 Ba6 27.Qa4 Bxc4 28.Qxc4 Qg4 29.g3 Nh3+
30.Kg2 Ng5 31.Qe2 Qh3+ 32.Kg1 Rb7 33.Rd1 Rxb3 34.Rd3 Rb6 35.f3 c4 36.Re3 Ra6
37.Qf1 Qc8 38.h4 Qc5 39.Nd5 Ne6 40.Kg2 Ra2 41.Qf2 Qd4 42.Re2 Nc5 43.Nc3 Ra1
44.f4 Qxf2+ 45.Kxf2 Nd3+ 46.Ke3 Rg1 47.fxe5 Nxe5 48.Kd4 f6 49.Re3 Rg2 50.Na4 Rc2
51.Rc3 Rd2+ 52.Ke3 Rg2 53.Kd4 Kf7 54.b4 cxb3 55.Rxb3 Kg6 56.Nc5 Ra2 57.Ne6 Ra4+
58.Ke3 Nc4+ 59.Kd3 Nd6 60.Nc5 Ra5 61.Kd4 Kh5 62.Ne6 g5 63.hxg5 hxg5 64.Nc5 Kg4
65.Rb6 Ne8 66.Nd7 Ra4+ 67.Kd5 Ra5+ 68.Ke6 Kxg3 69.Nxf6 Nxf6 70.Kxf6 Kf4 71.e5 Rxe5
72.Rb4+ Re4 73.Rxe4+  1/2-1/2

[Event "Moscow ol (Men)"]
[Site "Moscow"]
[Date "1994.??.??"]
[Round "9"]
[White "Dimitrov, Vladimir"]
[Black "Lobron, Eric"]
[Result "1-0"]
[WhiteElo "2475"]
[BlackElo "2580"]

1.e4 e5 2.Nf3 Nc6 3.Bb5 a6 4.Ba4 Nf6 5.O-O b5 6.Bb3 Bb7 7.d3 Bd6 8.a4 O-O
9.Re1 h6 10.Nbd2 Re8 11.c3 Bf8 12.Ba2 b4 13.Nc4 bxc3 14.bxc3 d6 15.Bd2 Bc8
16.h3 Be6 17.Qc2 Bxc4 18.Bxc4 Na5 19.Ba2 c5 20.d4 c4 21.d5 Nd7 22.Be3 Be7
23.Qe2 Nb6 24.Bxb6 Qxb6 25.Rab1 Qa7 26.Rb4 Rec8 27.Reb1 Bd8 28.Bxc4 g6 29.h4 h5
30.g3 Kg7 31.Nd2 Rc7 32.Kg2 Rcc8 33.Nf1 Rc5 34.Ne3 Rcc8 35.Nd1 Rc5 36.Bd3 Rc7
37.Qb2 Rcc8 38.Qe2 Rc5 39.Qe3 Qd7 40.Qd2 Qc8 41.Qe2 Kf8 42.c4 Kg7 43.Ne3 Qd7
44.Qd2 Rcc8 45.Be2 Kg8 46.Qb2 Qa7 47.Qd2 Qe7 48.Kh2 Qa7 49.Kg1 Qe7 50.Bf1 Qa7
51.Kg2 Kg7 52.Qc3 Rc7 53.Qb2 Qc5 54.Be2 Kg8 55.Qc2 Qa7 56.Qd1 Rb7 57.Rxb7 Nxb7
58.Bxh5 gxh5 59.Qxh5 Nc5 60.Nf5 Bf6 61.Nxd6 Qc7 62.Nf5 Rb8 63.Rxb8+ Qxb8
64.Nh6+ Kh7 65.Ng4+  1-0

[Event "Moscow ol (Women)"]
[Site "Moscow"]
[Date "1994.??.??"]
[Round "12"]
[White "Tamin, Upi Darmayana"]
[Black "Micic, Jordanka"]
[Result "0-1"]
[WhiteElo "2140"]
[BlackElo "2345"]

1.e4 e5 2.Nf3 Nc6 3.Bb5 a6 4.Ba4 Nf6 5.O-O b5 6.Bb3 Bb7 7.d3 Bd6 8.c3 O-O
9.Nbd2 Re8 10.Re1 h6 11.Nf1 Bf8 12.Ng3 d6 13.a4 Ne7 14.Nh4 Qd7 15.Ngf5 Nxf5
16.Nxf5 d5 17.Qf3 Re6 18.Qg3 Kh7 19.f3 g6 20.Nh4 Bg7 21.Bc2 d4 22.cxd4 Qxd4+
23.Qf2 Qxf2+ 24.Kxf2 b4 25.Bb3 Re7 26.Be3 Rd7 27.Rac1 Ne8 28.g3 a5 29.Rc5 Bf8
30.Rc2 Kg7 31.Bc4 Nd6 32.Rec1 Nxc4 33.dxc4 Rd3 34.Ng2 Bc6 35.Ra1 Rad8 36.Ke2 f5
37.exf5 gxf5 38.Ne1 Rb3 39.Ra2 e4 40.f4 Be8 41.Kf2 Bh5 42.c5 Rd1 43.Ng2 Bf7  0-1

[Event "Muenster op"]
[Site "Muenster"]
[Date "1994.??.??"]
[Round "6"]
[White "Kupreichik, Viktor D"]
[Black "Mainka, Romuald"]
[Result "0-1"]
[WhiteElo "2545"]
[BlackElo "2500"]

1.e4 e5 2.Nf3 Nc6 3.Bb5 a6 4.Ba4 Nf6 5.O-O b5 6.Bb3 Bb7 7.d3 Be7 8.a4 O-O
9.Nc3 b4 10.Nd5 Na5 11.Ba2 Nxd5 12.exd5 d6 13.c3 c5 14.cxb4 cxb4 15.Bd2 b3
16.Bxa5 Qxa5 17.Qxb3 Rab8 18.Rfc1 Ba8 19.Qa3 Rb4 20.Rc4 Rfb8 21.Rac1 Bf8
22.R1c2 g6 23.h3 R4b6 24.Rc8 Bxd5 25.R8c7 Rb4 26.Ng5 Rb3 27.Bxb3 Qe1+ 28.Kh2 Rxb3
29.Qa2 Bh6 30.Ne4 Kg7 31.Ng3 Bf4 32.R7c4 Rxd3 33.b3 Bxg3+  0-1

[Event "NLD-chT9495"]
[Site "?"]
[Date "1994.??.??"]
[Round "3"]
[White "Riemersma, Liafbern"]
[Black "Okkes, Menno"]
[Result "1/2-1/2"]
[WhiteElo "2440"]
[BlackElo "2285"]

1.e4 e5 2.Nf3 Nc6 3.Bb5 a6 4.Ba4 Nf6 5.O-O b5 6.Bb3 Bb7 7.c3 Nxe4 8.d4 Na5
9.Nxe5 Nxb3 10.Qxb3 Nd6 11.Re1 Be7 12.a4 Rb8 13.axb5 axb5 14.Bg5 O-O 15.Bxe7 Qxe7
16.Nd2 Qg5 17.Ndf3 Qf5 18.Re3 Kh8 19.d5 Ra8 20.Rae1 f6 21.Nd4 Qg5 22.Nxb5 Nf5
23.Nf3 Qh5 24.Re4 c6 25.Nbd4 cxd5 26.R4e2 Ba6 27.Rd2 Nd6 28.Qd1 Ne4 29.Rc2 Rfe8
30.Ne2 Bc4 31.Nfd4 Nc5 32.Ng3 Rxe1+ 33.Qxe1 Re8 34.Qa1 Qe5 35.Rc1 Nd3 36.Nf3 Qb8
37.Rb1 Bb3 38.Nd4 Qf4 39.Rf1 Qb8 40.Qa3 Bc4 41.b3 Bb5 42.Ngf5 Nf4 43.Ra1 Qe5
44.h3 Bd3 45.Ne3 h5 46.h4 Be4 47.Qa7 Bxg2 48.Nxg2 Nh3+ 49.Kh1 Nxf2+ 50.Kg1 Nh3+
51.Kh1 Nf2+  1/2-1/2

[Event "NLD-chT9495"]
[Site "?"]
[Date "1994.??.??"]
[Round "6"]
[White "Cuijpers, Frans Andre"]
[Black "Klip, Hans"]
[Result "1-0"]
[WhiteElo "2425"]
[BlackElo "2345"]

1.e4 e5 2.Nf3 Nc6 3.Bb5 a6 4.Ba4 Nf6 5.O-O b5 6.Bb3 Bb7 7.d3 Bd6 8.a4 O-O
9.Bg5 h6 10.Bh4 Na5 11.Ba2 b4 12.Nbd2 c5 13.g4 g5 14.Bg3 Qe7 15.h4 Ne8 16.Kg2 Rc8
17.Rh1 c4 18.hxg5 hxg5 19.Rh5 f6 20.Nxc4 Nxc4 21.Nd2 Bd5 22.Nxc4 Be6 23.Ne3 Bxa2
24.Nf5 Qe6 25.Qh1 Ng7 26.Nxg7  1-0

[Event "NLD-sf"]
[Site "?"]
[Date "1994.??.??"]
[Round "3"]
[White "Van Mil, Johannes A J"]
[Black "Van de Oudeweetering, Arthur"]
[Result "1-0"]
[WhiteElo "2490"]
[BlackElo "2330"]

1.e4 e5 2.Nf3 Nc6 3.Bb5 a6 4.Ba4 Nf6 5.O-O b5 6.Bb3 Bb7 7.Re1 Bc5 8.c3 d6
9.d4 Bb6 10.Bg5 h6 11.Bh4 Qe7 12.a4 g5 13.Bg3 h5 14.axb5 axb5 15.Rxa8+ Bxa8
16.h4 g4 17.dxe5 dxe5 18.Nfd2 Na5 19.Na3 O-O 20.Bc2 c6 21.Qc1 Ne8 22.Nf1 Kh7
23.Ne3 Ng7 24.Nf5 Qf6 25.Rd1 Nb7 26.Rd7 Nxf5 27.exf5 Re8 28.Qg5 Qxg5 29.hxg5 Kg7
30.f6+ Kf8 31.g6 fxg6 32.Bxg6 Re6 33.Bh4 Bd8 34.Rh7 Bxf6 35.Rf7+ Kg8 36.Rxf6  1-0

[Event "Praha Mladi"]
[Site "Prague"]
[Date "1994.??.??"]
[Round "7"]
[White "Jirovsky, Petr"]
[Black "Nishimura, Hiroyuki"]
[Result "1/2-1/2"]
[WhiteElo "2245"]
[BlackElo "2270"]

1.e4 e5 2.Nf3 Nc6 3.Bb5 a6 4.Ba4 Nf6 5.O-O b5 6.Bb3 Bb7 7.Re1 Bc5 8.c3 d6
9.d4 Bb6 10.a4 h6 11.Na3 O-O 12.d5 Ne7 13.Be3 bxa4 14.Bxa4 Ng4 15.Bxb6 cxb6
16.h3 Nf6 17.c4 Rc8 18.Rc1 Nh7 19.Bc2 Rc7 20.b4 Bc8 21.Bb1 Ng6 22.Rc3 Ng5
23.Nxg5 hxg5 24.Qc1 Nf4 25.Qe3 Rb7 26.c5 bxc5 27.bxc5 dxc5 28.Nc4 Qf6 29.g4 Bd7
30.Bd3 Rfb8 31.Bf1 Rb1 32.Rcc1 R1b3 33.Rc3 Ba4 34.Ra1 Rxc3 35.Qxc3 Bb5 36.Qxe5 Qxe5
37.Nxe5 Re8 38.Nf3 f6 39.Nd2 Bxf1 40.Kxf1 Nxh3 41.Rxa6 Nf4 42.f3  1/2-1/2

[Event "CRO-Cup"]
[Site "Pula"]
[Date "1994.??.??"]
[Round "1"]
[White "Rade, Miroslav"]
[Black "Vlahov, Davor"]
[Result "1/2-1/2"]
[WhiteElo "2305"]
[BlackElo "2275"]

1.e4 Nc6 2.Nf3 e5 3.Bb5 a6 4.Ba4 Nf6 5.O-O b5 6.Bb3 Bb7 7.d3 Bc5 8.Be3 d6
9.c3 O-O 10.Nbd2 Bxe3 11.fxe3 d5 12.exd5 Nxd5 13.Qe2 Kh8 14.Ne4 f6 15.Nfg5 fxg5
16.Rxf8+ Qxf8 17.Bxd5 Nd8 18.Bxb7 Nxb7 19.Nxg5 Qe7 20.Qh5 g6 21.Qh6 Nd6 22.e4 Re8
23.a4 Qg7 24.Qxg7+ Kxg7 25.axb5 h6 26.Nf3 axb5 27.Ra7 Re7 28.Kf2 Kf6 29.Ke3 g5
30.Ra6 Re6 31.Ke2 g4 32.Nh4 c5 33.g3 c4 34.Ng2 cxd3+ 35.Kxd3 Nb7 36.Rxe6+ Kxe6
37.b4 Nd6 38.Ne3 h5 39.c4 bxc4+ 40.Nxc4 Nb5 41.Nd2 Nd6 42.Nc4 Nb5 43.Ne3 Nd4
44.Kc4 Nf3 45.Nf1 Kd6 46.b5 Nd4 47.Ne3 Nf3 48.Nf5+ Kc7 49.Kd5 Kb6 50.Ng7 h4
51.gxh4 Nxh4 52.Kxe5 Nf3+ 53.Kf4 Nxh2 54.e5 Nf3 55.e6 Ne5 56.Nf5 g3 57.Nxg3 Ng6+
58.Kg5 Ne7 59.Nf5 Nd5 60.Ne3 Nc7 61.e7 Kxb5  1/2-1/2

[Event "ROM-ch (Women)"]
[Site "ROM"]
[Date "1994.??.??"]
[Round "?"]
[White "Erhan, Raluca"]
[Black "Olarasu, Gabriela"]
[Result "0-1"]
[WhiteElo "2035"]
[BlackElo "2290"]

1.e4 e5 2.Nf3 Nc6 3.Bb5 a6 4.Ba4 Nf6 5.O-O b5 6.Bb3 Bb7 7.d4 Nxd4 8.Bxf7+ Kxf7
9.Nxe5+ Kg8 10.Qxd4 c5 11.Qd1 Qe8 12.f4 d6 13.Ng4 Nxe4 14.f5 h5 15.f6 Nxf6
16.Nxf6+ gxf6 17.Rxf6 Rh7 18.Rf5 Rg7 19.Rg5 Rxg5 20.Bxg5 Qe5 21.Bc1 Qe4 22.Qf1 Bg7
23.Nd2 Qxc2 24.Nf3 Rf8 25.Be3 Qg6 26.Kh1 Rxf3 27.gxf3 Qg4  0-1

[Event "Romania (Women)"]
[Site "Romania"]
[Date "1994.??.??"]
[Round "?"]
[White "Safranska, Anda"]
[Black "Olarasu, Gabriela"]
[Result "1/2-1/2"]
[WhiteElo "2345"]
[BlackElo "2250"]

1.e4 e5 2.Nf3 Nc6 3.Bb5 a6 4.Ba4 Nf6 5.O-O b5 6.Bb3 Bb7 7.d3 Bc5 8.Nc3 O-O
9.a3 Re8 10.Bg5 h6 11.Bd2 Nd4 12.Nxd4 Bxd4 13.Qf3 Bxc3 14.Bxc3 c5 15.Rfe1 Rc8
16.Rad1 Qb6 17.Qf5 d6 18.Re3 c4 19.Ba2 Re6 20.Rg3 Nh7 21.Rf1 Rf6 22.Qh5 Nf8
23.Bd2 Ng6 24.h4 Nf4 25.Qd1 d5 26.exd5 Nxd5 27.h5 Ne7 28.Rg4 Bd5 29.dxc4 Bxc4
30.Bxc4 Rxc4 31.Rxc4 bxc4 32.Bc3 Rf5 33.Qd7 Qf6 34.Qd8+ Kh7 35.Bb4 Nc6 36.Qxf6 Rxf6
37.Rd1 Nd4 38.c3 Ne2+ 39.Kf1 Ng3+ 40.Ke1 Nxh5 41.g3 e4 42.Rd5 Kg6 43.Rd4 Rc6
44.Rxe4 Re6 45.Rxe6+ fxe6 46.Ke2 Nf6 47.Ke3 e5 48.Bd6 Kf5 49.Bf8 g6 50.f3 h5
51.Bg7 g5 52.g4+ hxg4 53.Bxf6 Kxf6 54.fxg4 Ke7 55.a4 a5 56.Kf3 Kd6 57.Ke3 Kd5
58.Kf3 e4+ 59.Kf2 Kd6 60.Ke2 Ke6 61.Kf2 Kd5  1/2-1/2

[Event "Romania (Women)"]
[Site "Romania"]
[Date "1994.??.??"]
[Round "?"]
[White "Zatonskih, Anna"]
[Black "Olarasu, Gabriela"]
[Result "1/2-1/2"]
[WhiteElo "2135"]
[BlackElo "2250"]

1.e4 e5 2.Nf3 Nc6 3.Bb5 a6 4.Ba4 Nf6 5.O-O b5 6.Bb3 Bb7 7.Re1 Bc5 8.c3 d6
9.d4 Bb6 10.Be3 O-O 11.d5 Ne7 12.Bxb6 cxb6 13.Nbd2 Bc8 14.a4 bxa4 15.Bxa4 Rb8
16.Bc2 Nd7 17.Nc4 Qc7 18.Ne3 b5 19.Nh4 Nb6 20.Qh5 Nc4 21.b3 Nb6 22.Nef5 Nxf5
23.Nxf5 Bxf5 24.Qxf5 Qxc3 25.Rec1 Qd2 26.Qf3 Nd7 27.Qd1 Qxd1+ 28.Bxd1 Rfc8
29.Rc6 Nc5 30.Rxd6 Nxe4 31.Rdxa6 Rd8 32.f3 Nc5 33.Ra7 Rxd5 34.b4 Nd7 35.Be2 Kf8
36.Rc1 Ke8 37.Kf2 Kd8 38.Ke3 Rc8 39.Rxc8+ Kxc8 40.Ra5 f5 41.Rxb5 Nf6 42.Ra5 Kb7
43.Bd3 Rxa5 44.bxa5 f4+ 45.Kd2 g5 46.Kc3 h5 47.Kc4 g4 48.Kc5 h4 49.Kd6 e4
50.fxe4 h3 51.gxh3 g3 52.hxg3 fxg3 53.Bf1 Nxe4+ 54.Ke5 Ng5 55.Bg2+ Ka6 56.h4 Nf7+
57.Kf6 Nh6 58.Kg5 Nf7+ 59.Kg6 Ne5+ 60.Kf6 Ng4+ 61.Kg5  1/2-1/2

[Event "SLO-sf"]
[Site "?"]
[Date "1994.??.??"]
[Round "?"]
[White "Praznik, Anton"]
[Black "Petek, Pavel"]
[Result "1-0"]
[WhiteElo "2280"]
[BlackElo "2095"]

1.e4 e5 2.Nf3 Nc6 3.Bb5 a6 4.Ba4 Nf6 5.O-O b5 6.Bb3 Bb7 7.d3 Be7 8.Nc3 d6
9.a4 Na5 10.Ba2 b4 11.Nd5 Nxd5 12.Bxd5 c6 13.Ba2 O-O 14.c3 c5 15.Bd2 d5 16.Re1 dxe4
17.dxe4 Qd6 18.Qc2 Rfd8 19.Rad1 Qb6 20.cxb4 cxb4 21.Be3 b3 22.Bxb6 bxc2 23.Rc1 Bb4
24.Bxd8 Rxd8 25.Rxc2 Bxe1 26.Nxe1 Bxe4 27.Rc5 Nb7 28.Rxe5 Bg6 29.Re7 Nd6
30.a5 Kf8 31.Re5 Rb8 32.Nd3 Be4 33.Bb1 Rb3 34.Bc2 Rb8 35.f3 Bg6 36.Nc5 Rc8
37.Bxg6 hxg6 38.b4 Nc4 39.Re4 Nd6 40.Rd4 Ke7 41.Kf2 Rc6 42.Ke2 f5 43.h4 Kf6
44.f4 Nb5 45.Rd7 Rc7 46.Kd3 Rxd7+ 47.Nxd7+ Ke7 48.Ne5 Nc7 49.Kc4 Kd6 50.Nxg6 Nd5
51.b5 Ne3+ 52.Kd4 Nxg2 53.bxa6 Kc7 54.Ke5 Ne3 55.Ke6 Kb8 56.Kf7 Ka7 57.Kxg7 Kxa6
58.h5  1-0

[Event "St Petersburg op2"]
[Site "St Petersburg"]
[Date "1994.??.??"]
[Round "6"]
[White "Kovalevskaya, Ekaterina"]
[Black "Bezman, Vadim"]
[Result "1-0"]
[WhiteElo "2290"]
[BlackElo "2395"]

1.e4 e5 2.Nf3 Nc6 3.Bb5 a6 4.Ba4 Nf6 5.O-O b5 6.Bb3 Bb7 7.d3 Be7 8.c4 O-O
9.Nc3 bxc4 10.Bxc4 d6 11.a3 Rb8 12.h3 Na5 13.Ba2 c5 14.Rb1 Qc7 15.Bg5 Nc6
16.Bxf6 Bxf6 17.Nd5 Qd8 18.b4 cxb4 19.axb4 Na7 20.Qa4 Nb5 21.Rfc1 Bg5 22.Rc2 Kh8
23.Bc4 f5 24.Bxb5 Bxd5 25.Bc6 Be6 26.Qxa6 fxe4 27.Bxe4 Be7 28.Bb7 Qe8 29.Rbc1 Bd7
30.Qa7 Bf6 31.Rc7 Bf5 32.Qa6 Qg6 33.Bc8 Bxd3 34.Qxd6 Rd8 35.Bd7 e4 36.Ne5 Bxe5
37.Qxe5 Rxb4 38.Rc8  1-0

[Event "Rilton Cup9495"]
[Site "Stockholm"]
[Date "1994.??.??"]
[Round "8"]
[White "Wedberg, Tom"]
[Black "Furhoff, Johan"]
[Result "1/2-1/2"]
[WhiteElo "2460"]
[BlackElo "2345"]

1.e4 e5 2.Nf3 Nc6 3.Bb5 a6 4.Ba4 Nf6 5.O-O b5 6.Bb3 Bb7 7.Re1 Bc5 8.c3 d6
9.d4 Bb6 10.Bg5 h6 11.Bh4 Qd7 12.Bxf6 gxf6 13.Bd5 O-O-O 14.Qd3 Rdg8 15.Kh1 Nd8
16.Bxb7+ Kxb7 17.Nbd2 Ne6 18.g3 h5 19.Rg1 h4 20.Raf1 hxg3 21.fxg3 Rh3 22.Rg2 Rgxg3
23.Rxg3 Rxg3 24.hxg3 Nf4  1/2-1/2

[Event "Balkaniad"]
[Site "Varna"]
[Date "1994.??.??"]
[Round "5"]
[White "Pavlovic, Milos"]
[Black "Cozianu, Costin"]
[Result "1/2-1/2"]
[WhiteElo "2480"]
[BlackElo "2295"]

1.e4 e5 2.Nf3 Nc6 3.Bb5 a6 4.Ba4 Nf6 5.O-O b5 6.Bb3 Bb7 7.d3 Be7 8.Re1 O-O
9.Nbd2 Re8 10.c3 Bf8 11.d4 d6 12.a3 h6 13.Bc2 g6 14.b4 Bg7 15.Bb2 d5 16.dxe5 Ng4
17.e6 Rxe6 18.exd5 Rxe1+ 19.Qxe1 Qxd5 20.c4 bxc4 21.Bxg7 Kxg7 22.Ne4 Nce5
23.Qc3 f6 24.Rd1 Nd3 25.Bxd3 cxd3 26.Qxc7+ Kf8 27.Nc5 Bc6 28.Qg3 Qh5 29.h3  1/2-1/2

[Event "Altensteig"]
[Site "Altensteig"]
[Date "1995.??.??"]
[Round "6"]
[White "Vogt, Lothar"]
[Black "Gabriel, Christian"]
[Result "1/2-1/2"]
[WhiteElo "2475"]
[BlackElo "2475"]

1.e4 e5 2.Nf3 Nc6 3.Bb5 a6 4.Ba4 Nf6 5.O-O b5 6.Bb3 Bb7 7.d3 Bc5 8.Nc3 O-O
9.Be3 d6 10.Bxc5 dxc5 11.a4 b4 12.Nb1 Nd7 13.Nbd2 Na5 14.Ba2 Qe7 15.Qe1 Kh8
16.Qe3 Bc6 17.Nc4 Nxc4 18.Bxc4 Nb6 19.Bb3 a5 20.Nd2 Rae8 21.Nc4 Nxc4 22.Bxc4 Qd6
23.b3 f5 24.exf5 Rxf5 25.Bb5 e4 26.Qh3 Rfe5 27.dxe4 Bxb5 28.axb5 Rxe4 29.Rxa5 Qb6
30.Raa1 Qxb5 31.Qg3 Qe2 32.Rac1 R4e5  1/2-1/2

[Event "Ano Liosia op"]
[Site "Ano Liosia"]
[Date "1995.??.??"]
[Round "4"]
[White "Georgiev, Krum"]
[Black "Mainka, Romuald"]
[Result "1/2-1/2"]
[WhiteElo "2445"]
[BlackElo "2515"]

1.e4 e5 2.Nf3 Nc6 3.Bb5 a6 4.Ba4 Nf6 5.O-O b5 6.Bb3 Bb7 7.Nc3 Be7 8.Re1 O-O
9.d3 d6 10.a4 Na5 11.axb5 axb5 12.Nxb5 Nxb3 13.Rxa8 Bxa8 14.cxb3 h6 15.Nc3 Re8
16.b4 d5 17.Qb3 Bf8 18.exd5 Nxd5 19.Nxe5 Qd6 20.d4 Qxb4 21.Qxb4 Nxb4 22.Nd3 Rd8
23.Nxb4 Bxb4 24.Be3 g5 25.f3 Bd5 26.Ra1 Bxc3 27.bxc3 Rb8 28.h4 f6 29.Ra6 Rb6
30.Rxb6  1/2-1/2

[Event "AUT-chT2O 9495"]
[Site "?"]
[Date "1995.??.??"]
[Round "?"]
[White "Knoflicek, Ctibor"]
[Black "Hiermann, Dietmar"]
[Result "1-0"]
[WhiteElo "2200"]
[BlackElo "2090"]

1.e4 e5 2.Nf3 Nc6 3.Bb5 a6 4.Ba4 Nf6 5.O-O b5 6.Bb3 Bb7 7.Re1 Bc5 8.c3 Ng4
9.d4 exd4 10.h3 Nxf2 11.Kxf2 dxc3+ 12.Kg3 cxb2 13.Bxb2 O-O 14.Qc1 Bd6+ 15.e5 Be7
16.Nbd2 Na5 17.Bc2 Bg5 18.Qd1 Bh6 19.Ne4 Bxe4 20.Bxe4 c6 21.Qd3 g6 22.Rad1 Nc4
23.Bc3 Qb6 24.Qxd7 Ra7 25.Qxc6 Qb8 26.Bd4 Re7 27.Bc5 Nxe5 28.Qd6 Nxf3 29.Qxb8 Rxb8
30.Bxf3 Rxe1 31.Rxe1 Bf8 32.Be3 a5 33.Rb1 b4 34.Bd5 Bd6+ 35.Kf3 a4 36.Ke2 b3
37.axb3 axb3 38.Rxb3 Rxb3 39.Bxb3 Kg7 40.Kf3 Be5 41.Ke4 Bd6 42.Bd4+ Kf8 43.Bf6 Ba3
44.g4 Bc1 45.Kd5 Bd2 46.Kc6 Bc1 47.Kd7 h6 48.Be5 Bd2 49.Bd6+ Kg7 50.Ke8 f5
51.Be5+ Kh7 52.Kf8 h5 53.g5 Bb4+ 54.Kf7 h4 55.Bc2 Bd2 56.Bxf5 gxf5 57.g6+ Kh6
58.g7 Bf4 59.g8=Q Kh5 60.Qg6+  1-0

[Event "Bad Woerishofen op"]
[Site "Bad Woerishofen"]
[Date "1995.??.??"]
[Round "4"]
[White "Kaminski, Marcin"]
[Black "Mainka, Romuald"]
[Result "1/2-1/2"]
[WhiteElo "2455"]
[BlackElo "2515"]

1.e4 e5 2.Nf3 Nc6 3.Bb5 a6 4.Ba4 Nf6 5.O-O b5 6.Bb3 Bb7 7.d3 Be7 8.c4 O-O
9.cxb5 axb5 10.Nc3 b4 11.Nd5 Na5 12.Nxe7+ Qxe7 13.Bg5 h6 14.Bh4 d6 15.Nd2 Kh7
16.Nc4 Nxb3 17.Qxb3 g5 18.Bg3 Rfb8 19.d4 Nxe4 20.dxe5 dxe5 21.Bxe5 Rd8 22.f3 Qc5+
23.Qe3 Qxc4 24.fxe4 Rd7 25.Qh3 Qe6 26.Qxe6 fxe6 27.Rfd1 Rad8 28.Rxd7+ Rxd7
29.Rc1 Bxe4 30.Rxc7 Rxc7 31.Bxc7 Kg6 32.Kf2 Bb1 33.a3 bxa3 34.bxa3 Kf5 35.a4 h5
36.a5 Bd3 37.Ke3 Bf1 38.g3 e5  1/2-1/2

[Event "Oberliga Bayern9596"]
[Site "Bayern"]
[Date "1995.??.??"]
[Round "?"]
[White "Lickleder, Andreas"]
[Black "Keller, Manfred"]
[Result "1/2-1/2"]
[WhiteElo "2235"]
[BlackElo "2225"]

1.e4 e5 2.Nf3 Nc6 3.Bb5 a6 4.Ba4 Nf6 5.O-O b5 6.Bb3 Bb7 7.d3 Be7 8.Nc3 O-O
9.Nd5 Nxd5 10.Bxd5 Bf6 11.d4 d6 12.c3 Qc8 13.Be3 Ne7 14.Bxb7 Qxb7 15.d5 c6
16.dxc6 Qxc6 17.Qd3 d5 18.exd5 Nxd5 19.Qf5  1/2-1/2

[Event "Regionalliga SO9596"]
[Site "Bayern"]
[Date "1995.??.??"]
[Round "?"]
[White "Doerfler, Guenther"]
[Black "Hiermann, Dietmar"]
[Result "1/2-1/2"]
[WhiteElo "2030"]
[BlackElo "2205"]

1.e4 e5 2.Nf3 Nc6 3.Bb5 a6 4.Ba4 Nf6 5.O-O b5 6.Bb3 Bb7 7.c3 Be7 8.Re1 O-O
9.d3 d6 10.Nbd2 Na5 11.Bc2 c5 12.Nf1 Nc6 13.Bg5 Nd7 14.Bxe7 Nxe7 15.Ng3 f5
16.Ng5 f4 17.Nf1 Rf6 18.Bb3+ d5 19.exd5 Rg6 20.Ne6 Qb6 21.Nxf4 exf4 22.Rxe7 Qd6
23.Qe1 Bxd5 24.Bxd5+ Qxd5 25.Qe4 Rd6 26.Qxf4 Rf8 27.Qg4 g6 28.Qh4 Nf6 29.Qh6 Rf7
30.Rae1 Rd8 31.Rxf7 Qxf7 32.Qe3 Qxa2 33.Qe6+ Qxe6 34.Rxe6 Kf7 35.Rxa6 Rxd3
36.Ra5 Rd1 37.g3 Ne4 38.Kg2 b4 39.cxb4 cxb4 40.Rb5 Rd4 41.Ne3 h5 42.Rd5 Rxd5
43.Nxd5 b3 44.Nf4 Nd2 45.Nd3 Ke6 46.f4 Kf5 47.Kf2 Ke4 48.Ke2 Nc4 49.Nc5+ Kf5
50.Nxb3 Nxb2 51.Kf3 Nc4 52.Nd4+ Kf6 53.g4 hxg4+ 54.Kxg4 Ne3+ 55.Kf3 Nc4 56.h4 Nd6
57.Kg4 Ne4 58.Ne2 Nf2+ 59.Kf3 Nd3 60.Ng3 Ne1+ 61.Kg4 Kg7 62.Ne4 Kh6  1/2-1/2

[Event "Regionalliga SO9495"]
[Site "Bayern"]
[Date "1995.??.??"]
[Round "1"]
[White "Deglmann, Ludwig"]
[Black "Von Werner, Konrad"]
[Result "1-0"]
[WhiteElo "1975"]
[BlackElo "2070"]

1.e4 e5 2.Nf3 Nc6 3.Bb5 a6 4.Ba4 Nf6 5.O-O b5 6.Bb3 Bb7 7.Re1 Bc5 8.c3 d6
9.d3 h6 10.h3 O-O 11.Nbd2 Ne7 12.Nf1 Nd7 13.Ng3 Kh8 14.Nh4 Nf6 15.Qf3 Ng6
16.Nhf5 Kh7 17.h4 Ng8 18.Nxg7 Kxg7 19.Nf5+ Kh7 20.Qh5 Nf4 21.Bxf4 exf4 22.d4 Qf6
23.dxc5 dxc5 24.Qg4 Qe5 25.Rad1 c4 26.Bc2 Rad8 27.Rd4 c5 28.Rdd1 Bc8 29.Kf1 Rxd1
30.Rxd1 Ne7 31.Qh5 Bxf5 32.exf5 Qf6 33.Qg4 b4 34.Qxf4 bxc3 35.Rd6  1-0

[Event "Regionalliga SO9495"]
[Site "Bayern"]
[Date "1995.??.??"]
[Round "2"]
[White "Von Werner, Konrad"]
[Black "Hiermann, Dietmar"]
[Result "0-1"]
[WhiteElo "2070"]
[BlackElo "2205"]

1.e4 e5 2.Nf3 Nc6 3.Bb5 a6 4.Ba4 Nf6 5.O-O b5 6.Bb3 Bb7 7.Re1 Bc5 8.d3 d6
9.a4 Ne7 10.Nc3 b4 11.Ne2 Ng6 12.Be3 Bxe3 13.fxe3 O-O 14.Ng3 d5 15.exd5 Bxd5
16.Bxd5 Qxd5 17.Qd2 a5 18.c4 Qc6 19.Qc2 Rfe8 20.Ng5 h6 21.N5e4 Nxe4 22.dxe4 Ne7
23.c5 Qe6 24.Rac1 Rad8 25.Nf5 Nxf5 26.exf5 Qf6 27.e4 Rd4 28.c6 Red8 29.Re2 Qg5
30.Rce1 Rd2 31.Qb3 R8d3 32.Qc4 Rxe2 33.Rxe2 Rd1+  0-1

[Event "Lee Cup"]
[Site "Beijing"]
[Date "1995.??.??"]
[Round "3"]
[White "Al Modiahki, Mohamad"]
[Black "Zhu Chunhui"]
[Result "1-0"]
[WhiteElo "2445"]
[BlackElo "2350"]

1.e4 e5 2.Nf3 Nc6 3.Bb5 a6 4.Ba4 Nf6 5.O-O b5 6.Bb3 Bb7 7.c3 Nxe4 8.d4 Na5
9.Nxe5 Nxb3 10.Qxb3 Nd6 11.Qd1 Be7 12.Qg4 g6 13.Re1 Nf5 14.Bg5 d6 15.Bxe7 Nxe7
16.Nd3 O-O 17.Nd2 Nd5 18.Nb3 Rb8 19.a4 Re8 20.Rxe8+ Qxe8 21.Re1 Qd8 22.axb5 axb5
23.Nd2 Bc6 24.h4 Qd7 25.Qg5 Re8 26.Ne4 Qd8 27.f3 Kg7 28.Qxd8 Rxd8 29.b3 Nb6
30.Nd2 Re8 31.Rxe8 Bxe8 32.Kf2 Bd7 33.Nb4 Be6 34.Na6 c6 35.Nb4 c5 36.dxc5 dxc5
37.Nd3 Bxb3 38.Nxc5 Bd5 39.Ke3 Na4 40.Kd4 Bc6 41.Nb1 Nb2 42.Na3 Kf6 43.Ne4+ Ke7
44.Kc5 Bd7 45.Kd4 f5 46.Nc5 Bc6 47.Nd3 Nxd3 48.Kxd3 Kd6 49.Kd4 f4 50.Nc2 h6
51.Nb4 g5 52.Nd3 Bd5 53.hxg5 hxg5 54.Nf2 Bc4 55.Ne4+ Kc6 56.Nd2 Be2 57.Ke5 g4
58.fxg4 Bxg4 59.Kxf4 Bd7 60.Ne4 Kb6 61.Ke5 Bg4 62.Nf6 Bd1 63.Kd6 Ka5 64.Kc5 Ka4
65.Nd5 Bg4 66.Ne3 Bd7 67.Nd5 Kb3 68.g3 Be6 69.Nc7 Bc4 70.Kd4 b4 71.cxb4 Kxb4
72.Nd5+ Kb5 73.g4 Be2 74.Nc3+  1-0

[Event "Berliner Sommer"]
[Site "Berlin"]
[Date "1995.??.??"]
[Round "3"]
[White "Zontakh, Andrey"]
[Black "Rause, Olita"]
[Result "1-0"]
[WhiteElo "2460"]
[BlackElo "2320"]

1.e4 e5 2.Nf3 Nc6 3.Bb5 a6 4.Ba4 Nf6 5.O-O b5 6.Bb3 Bb7 7.Re1 Bc5 8.c3 Bb6
9.d4 O-O 10.Be3 exd4 11.cxd4 Na5 12.d5 Bxe3 13.Rxe3 Nxb3 14.Qxb3 c6 15.Nc3 Re8
16.dxc6 dxc6 17.e5 Nd5 18.Rd1 Qb6 19.Nxd5 cxd5 20.Nd4 Qc7 21.f4 f6 22.exf6 gxf6
23.Rde1 Qd7 24.h3 Kh8 25.Re6 Rxe6 26.Rxe6 Rg8 27.Qe3 Qg7 28.g4 Bc8 29.Re7 Qh6
30.Re8 Qg6 31.Rxg8+ Kxg8 32.f5 Qf7 33.Qc3 Qe8 34.Kf2 Bd7 35.Qe3 Qb8 36.Qg3 Qc8
37.Qf4 Qc5 38.Qd2 b4 39.Qe3 Qc7 40.Nf3 Qc4 41.Qe7 Bb5 42.Qxf6 Qc2+ 43.Kg3 Bf1
44.Qd8+ Kg7 45.f6+  1-0

[Event "Biel op"]
[Site "Biel"]
[Date "1995.??.??"]
[Round "11"]
[White "Cherniaev, Alexander"]
[Black "Kahlert, Thomas"]
[Result "1-0"]
[WhiteElo "2450"]
[BlackElo "2310"]

1.e4 e5 2.Nf3 Nc6 3.Bb5 a6 4.Ba4 Nf6 5.O-O b5 6.Bb3 Bb7 7.d3 Be7 8.Re1 O-O
9.Nbd2 d6 10.c3 Na5 11.Bc2 c5 12.Nf1 h6 13.Ng3 Re8 14.d4 Bf8 15.d5 g6 16.b3 Bc8
17.h3 Bd7 18.Nh2 Bg7 19.Be3 c4 20.b4 Nb7 21.Qd2 Kh7 22.f4 a5 23.a3 Ra6 24.Rf1 Rf8
25.Nf3 exf4 26.Bxf4 Be8 27.Nd4 Qb6 28.Be3 Qc7 29.Rae1 Bd7 30.Rf3 Nd8 31.Ref1 Ne8
32.Bb1 Qb7 33.Nh5 gxh5 34.e5+ Kg8 35.Qc2 f5 36.exf6 Nxf6 37.Rxf6 Rxf6 38.Rxf6 Nf7
39.Qh7+ Kf8 40.Bxh6 Qxd5 41.Be4  1-0

[Event "Bled op"]
[Site "Bled"]
[Date "1995.??.??"]
[Round "1"]
[White "Mencinger, Vojko"]
[Black "Kolar, Srecko"]
[Result "1-0"]
[WhiteElo "2385"]
[BlackElo "2215"]

1.e4 e5 2.Nf3 Nc6 3.Bb5 a6 4.Ba4 Nf6 5.O-O b5 6.Bb3 Bb7 7.d3 Be7 8.c4 bxc4
9.Bxc4 O-O 10.Nc3 d6 11.a3 Na5 12.Ba2 c5 13.b4 cxb4 14.axb4 Nc6 15.Nd5 Rb8
16.Rb1 Bc8 17.Bd2 h6 18.Qa4 Na7 19.Rfc1 Nb5 20.h3 Kh8 21.Nxf6 Bxf6 22.Be3 Bb7
23.Bc4 Be7 24.Qa2 Qe8 25.Bd5 Bc8 26.d4 f5 27.dxe5 f4 28.Bd2 Qh5 29.e6 Bd8
30.Rc2 Qe8 31.Rbc1 Bb6 32.Rxc8 Rxc8 33.Qxa6 Rxc1+ 34.Bxc1 Qb8 35.e7 Re8 36.Bc6 Nc7
37.Qd3 Rxe7 38.Qxd6 Re6 39.Qd7 Qf8 40.Bb2 Kh7 41.Be5 Re7 42.Qd2 Re6 43.Bd7 Re7
44.Bd6 Qf7 45.Ne5 Rxe5 46.Bxe5 f3 47.Bf5+ g6 48.Qd7  1-0